000 00348nam a2200145Ia 4500
008 150201s1995 xx 000 0 und d
082 _a617.645
_bM1995B
100 _aBUNTAIN
245 _aMANAGEMENT OF PEDIATRIC TRAUMA
250 _a1ST
260 _bSAUNDERS
_aPHILADELPHIA
_c1995
300 _a1-788
650 _aPEDODONTICS
942 _2ddc
_cBK
999 _c3862
_d3862